| 000 | 00415 a2200133 4500 | ||
|---|---|---|---|
| 003 | Nust | ||
| 005 | 20170207163608.0 | ||
| 040 | _cNust | ||
| 082 | _a799 | ||
| 245 |
_aOpening Adress & Tea Break with New Students Photograph 2013 (soft copy) _cMCS |
||
| 260 |
_aRawalpindi _bMCS _c02-10-2013 |
||
| 650 | _aPictures of Opening Adress & Tea Break with New Students,Photograph 2013, (CD-NO 23,Vol IV) | ||
| 651 | _aSweet Memories-MCS | ||
| 942 | _cBK | ||
| 999 |
_c207464 _d207464 |
||